000 01776cam a22004454i 4500
003 PE-LiUPU
005 20250731165428.0
008 160211s1996 pe grm 000 0 spa d
035 _a(Sirsi) a156067
040 _aPE-LiUPU
_bspa
_cPE-LiUPU
_erda
099 _aTE 2
_bC14 1996
100 1 _aCáceres Jara, María Isabel
_eautor
245 1 3 _aLa Onomástica en el español popular de Camaná /
_cMaría Isabel Cáceres Jara.
264 0 _c1996.
300 _a67 hojas
_c30 cm
336 _atext
_2rdacontent
337 _aunmediated
_2rdamedia
338 _avolume
_2rdacarrier
502 _aTesis
_b(Lic.) --
_cUniversidad Peruana Unión,
_d1996.
504 _aIncluye referencias
520 3 _aAunque si bien es cierto que el español es la lengua oficial del país, existen realizaciones léxicas diferentes en una u otra zona de nuestro Perú como resultado de las variaciones dialectales del español peruano. Las realizaciones léxicas particulares de cada lugar se deben a las influencias que ejercen en la lengua diversos factores, así , por ejemplo, la actividad que es primordial en cada lugar, los prestamos lingüísticos, las interferencias, los regionalismos, la jerga, los estratos sociales, etc.
526 _aSEG44
526 _aSEG26
526 _aP151
526 _aP150
526 _aP149
526 _aP146
526 _aP145
526 _aP126
526 _aP125
526 _aP92
526 _aP75
526 _aP74
526 _aP27
526 _aP15
651 4 _aCamaná (Perú : Provincia)
_xOnomástica.
596 _a1
942 _2ddc
_cTESIS
999 _aTE 2 C14 1996
_wALPHANUM
_c8747
_iT00112
_lCCODEBUL3
_mBUL
_r1
_sY
_tTESIS
_u2016-2-11
_xEDUCACION
_PP20
_o.STAFF. Tesis
_d8747
980 _81
_gALBERTO SANCHEZ Responsable de Automatización